Introducing men to Christ: (Record no. 10803)

000 -LEADER
fixed length control field 00573nam a2200181 a 4500
001 - CONTROL NUMBER
control field :::00008595$&:&@@
003 - CONTROL NUMBER IDENTIFIER
control field OkBaRHE
005 - DATE AND TIME OF LATEST TRANSACTION
control field 20000607103344.0
008 - FIXED-LENGTH DATA ELEMENTS--GENERAL INFORMATION
fixed length control field s1920 j 000 0 eng u
040 ## - CATALOGING SOURCE
Transcribing agency
100 1# - MAIN ENTRY--PERSONAL NAME
Personal name Weatherford, W. D.
245 10 - TITLE STATEMENT
Title Introducing men to Christ:
Remainder of title fundamental studies.
260 ## - PUBLICATION, DISTRIBUTION, ETC. (IMPRINT)
Place of publication, distribution, etc New York City, NY., :
Name of publisher, distributor, etc Association Press
Date of publication, distribution, etc 1920
300 ## - PHYSICAL DESCRIPTION
Extent 176 p.
650 ## - SUBJECT ADDED ENTRY--TOPICAL TERM
Topical term or geographic name as entry element Evangelism
942 ## - ADDED ENTRY ELEMENTS (KOHA)
Source of classification or shelving scheme
Koha item type Books
Copies
Lost status Koha item type Permanent Location Withdrawn status Full call number Shelving location Source of classification or shelving scheme Date last seen Current Location Date acquired Copy number Price effective from Barcode Damaged status Not for loan
 BooksRHEMA Bible Training College BV 3795 .W4General Stacks 2010-04-14RHEMA Bible Training College2010-04-1412010-04-148595